Super Bowl Matchups - Statistics

General Stats
  • This quiz has been taken 24 times
  • The average score is 38 of 60
Answer Stats
Hint Answer % Correct
LVI Bengals vs Rams
93%
LI Patriots vs Falcons
93%
XLII Patriots vs Giants
93%
XLVI Patriots vs Giants
93%
50 Broncos vs Panthers
87%
LIV Chiefs vs 49ers
87%
LVIII Chiefs vs 49ers
87%
LVII Chiefs vs Eagles
87%
LIX Chiefs vs Eagles
87%
XXXIX Patriots vs Eagles
87%
LII Patriots vs Eagles
87%
XXXVI Patriots vs Rams
87%
LIII Patriots vs Rams
87%
XLIV Patriots vs Seahawks
87%
LX Patriots vs Seahawks
87%
XLVIII Broncos vs Seahawks
80%
LV Chiefs vs Buccaneers
80%
I Chiefs vs Packers
80%
XLVII Ravens vs 49ers
80%
XLI Colts vs Bears
73%
XXXVIII Patriots vs Panthers
73%
XXVII Bills vs Cowboys
67%
XXVIII Bills vs Cowboys
67%
XXV Bills vs Giants
67%
XXVI Bills vs Redskins
67%
XX Patriots vs Bears
67%
XLIII Steelers vs Cardinals
67%
XLV Steelers vs Packers
67%
XL Steelers vs Seahawks
67%
XXXIV Titans vs Rams
67%
XVI Bengals vs 49ers
60%
XXIII Bengals vs 49ers
60%
XXXIII Broncos vs Falcons
60%
XXXII Broncos vs Packers
60%
IV Chiefs vs Vikings
60%
XLIV Colts vs Saints
60%
III Jets vs Colts
60%
XXXI Patriots vs Packers
60%
II Raiders vs Packers
60%
XXXV Ravens vs Giants
60%
X Steelers vs Cowboys
60%
XIII Steelers vs Cowboys
60%
XXX Steelers vs Cowboys
60%
VI Dolphins vs Cowboys
53%
VIII Dolphins vs Vikings
53%
XXXVII Raiders vs Buccaneers
53%
XXIX Chargers vs 49ers
47%
V Colts vs Cowboys
47%
IX Steelers vs Vikings
47%
XXIV Broncos vs 49ers
40%
VII Dolphins vs Redskins
40%
XVII Dolphins vs Redskins
40%
XVIII Raiders vs Redskins
40%
XI Raiders vs Vikings
40%
XII Broncos vs Cowboys
33%
XV Raiders vs Eagles
33%
XIV Steelers vs Rams
33%
XXII Broncos vs Redskins
27%
XIX Dolphins vs 49ers
27%
XXI Broncos vs Giants
20%
No matching quizzes found
Score Distribution
Percent of People with Each Score
Percentile by Number Answered
Your Score History
You have not taken this quiz